[Event "CZE Juniorcentrum op-D"]
[Site "Sec u Chrudimi"]
[Date "2005.10.28"]
[Round "8"]
[White "Kubinova, Zuzana"]
[Black "Skorvagova, Martina"]
[Result "0-1"]
[WhiteElo "1250"]
[BlackElo "1540"]
[PlyCount "129"]
[EventDate "2005.10.22"]
[EventType "swiss"]
[EventRounds "9"]
[EventCountry "CZE"]
[SourceTitle "EXT 2008"]
[Source "ChessBase"]
[SourceDate "2007.11.25"]
[SourceVersion "1"]
[SourceVersionDate "2007.11.25"]
[SourceQuality "1"]

1. b3 e5 2. Bb2 Nc6 3. Nc3 d5 4. e3 a6 5. f4 d4 6. exd4 exd4 7. Ne4 Qe7 8. Qe2 Bf5 9. d3 Qe6 10. h3 0-0-0 11. 0-0-0 h6 12. g4 Bxe4 13. dxe4 Nf6 14. e5 Nd5 15. Bxd4 Nxf4 16. Qf2 Ba3+ 17. Kb1 Ng6 18. Nf3 Ngxe5 19. Nxe5 Nxe5 20. Be2 f6 21. Rhe1 Rhe8 22. Bf3 Qf7 23. Be4 Rd6 24. Bf5+ Kd8 25. Bb6 Rxd1+ 26. Rxd1+ Bd6 27. Rxd6+ Ke7 28. Bxc7 Kf8 29. Bh7 Qxc7 30. Qd4 Nf7 31. Rd5 Re5 32. c4 Re1+ 33. Kc2 Qh2+ 34. Kc3 Rc1+ 35. Kb4 Qc7 36. Qc5+ Qxc5+ 37. Rxc5 Ng5 38. Rc8+ Ke7 39. c5 Kd7 40. Bf5+ Ke7 41. Ka5 Ra1 42. Kb6 Ne6 43. Bxe6 Kxe6 44. Kxb7 Rxa2 45. Ka7 Rb2 46. c6 Rxb3 47. Rb8 Rc3 48. Rb6 Kd6 49. Kb7 Ke7 50. c7 Kd7 51. Rxa6 Rxc7+ 52. Kb8 Rc8+ 53. Kb7 Rc7+ 54. Kb8 Rc8+ 55. Kb7 Rf8 56. Ra5 Ke6 57. Kc6 f5 58. gxf5+ Rxf5 59. Ra3 g5 60. Re3+ Re5 61. Rf3 Rf5 62. Re3+ Kf6 63. Kd6 Kg6 64. Re5 Rxe5 65. Kxe5 0-1